00625nam a2200145Ia 4500008004100000024004800041082001900089100005600108245010500164260002600269600002700295650003300322856010700355999001700462260210s9999 xx 000 0 und d a16B-099-EL, 16B-121-EL & 16B-149-EL a004.199092 MUH aMuhammad Usama, Shaheryar Arif & Waris Ali Khan 0aPerformance Optimization of Wastewater Pumping Stations Through the Installation of Closed-Loop VFDs aKarachi:bUITU,c2016 aElectronic Engineering aBachelor of Engineering (BE) uhttps://drive.google.com/file/d/16UKThAz1hE8dQJVYGMwkpTvKxoK2Z-7a/view?usp=sharingyClick here for PDF c33270d33270